01007nam a2200301Ia 4500001000600000003000500006008004100011010001100052040000900063090001700072100003700089245016100126260004400287300001000331440000500341502009200346503000500438650003200443650004200475650002900517901001600546902000600562910000900568942000600577942000600583999001900589952009700608Z_788CHAP220113s1991 xx 000 0 und d a163882 cCHAP aTesis A 656  aAltuzar Figueroa, Hernando94724 aEvaluación de la forma física del alimento y la suplementación de alfalfa (Medicago sativa) en la engorda de conejos /cpor Hernando Altuzar Figueroa aCd. Juárez, Chih. :bEl autor,c1991 a37 h. a aTesis (Ing. Agr. Esp. en Zootecnia) -- Escuela Superior de Agricultura Hermanos Escobar a aAlfalfa como forraje 93899 aConejosxAlimentación I. t.9137920 aConejosxEngorda 926363 aTesis A 656 aA a1991 c2 c2 c163882d163882 00104070aZbZc3d2005-11-09f2l0pz_T0814r2022-01-18 00:00:00t1w2022-01-18yTESISz3